000 00240 a2200109 4500
001 76235
005 20260408153523.0
090 _a76235
100 _a20260408 pory50
200 _aFogo Grego
_fOliver Taplin
210 _cGravida
_d1990
942 _cMON